000 01215nam a2200325Ia 4500
001 Para_9500
003 CHAP
008 220125s2008 xx 000 0 und d
010 _a208174
040 _cCHAP
090 _aTESIS 2212
100 _aUrbina Rico, Jesahi
_9116869
245 _aDescripción del sistema de producción de chícharo (Pisum sativum L.) sobre cobertura de zacate kikuyo (Pennisetum clandestinum Hochst. ex Chiov.) y control químico de malezas en Joquicingo, México /
_c por Jesahi Urbina Rico
260 _aChapingo, Méx. :
_b el autor
300 _a58 h.
502 _aTesis (Ing. Agr. Esp. en Parasitología Agrícola) -- UACh. Departamento Parasitología Agrícola
650 _aChícharo
_x malas hierbas
_9174526
650 _aCultivos de cobertura
_930371
650 _aMalas hierbas
_x control
_970011
650 _aMalas hierbas
_x resistencia a herbicidas
650 _aPennisetum clandestinum
_986706
710 _aUACh. Departamento Parasitología Agrícola
_9164025
901 _aTESIS 2212
902 _aM
905 _a0000002008 mn 0000000000 00
910 _a2008
942 _cPARA
942 _cPARA
_d2
999 _c208174
_d208174